ARRUPE JESUIT UNIVERSITY

CORONAVIRUS -STOP THE SPREAD - CLEAN,DISINFECT,COVER

Knowledge, belief and witchcraft (Record no. 59226)

MARC details
000 -LEADER
fixed length control field 00681nam a2200253Ia 4500
003 - CONTROL NUMBER IDENTIFIER
control field 0100
008 - FIXED-LENGTH DATA ELEMENTS--GENERAL INFORMATION
fixed length control field 130303s9999 xx 000 0 und d
020 ## - INTERNATIONAL STANDARD BOOK NUMBER
International Standard Book Number 0804728232
040 ## - CATALOGING SOURCE
Transcribing agency ARRUPELIB
050 ## - LIBRARY OF CONGRESS CALL NUMBER
Classification number B5619.N6H35 1997
300 ## - PHYSICAL DESCRIPTION
Other physical details 163p. 23 cm.
100 ## - MAIN ENTRY--PERSONAL NAME
Personal name Hallen, Barry
245 ## - TITLE STATEMENT
Title Knowledge, belief and witchcraft
245 ## - TITLE STATEMENT
Remainder of title analytic experiments in African philosophy
260 ## - PUBLICATION, DISTRIBUTION, ETC. (IMPRINT)
Place of publication, distribution, etc Stanford
260 ## - PUBLICATION, DISTRIBUTION, ETC. (IMPRINT)
Name of publisher, distributor, etc Stanford University Press
260 ## - PUBLICATION, DISTRIBUTION, ETC. (IMPRINT)
-- 1986
300 ## - PHYSICAL DESCRIPTION
Extent xvi
440 ## - SERIES STATEMENT/ADDED ENTRY--TITLE
Title Mestizo spaces
650 ## - SUBJECT ADDED ENTRY--TOPICAL TERM
Topical term following geographic name as entry element Homer Odyssey-Criticism, Texual
650 ## - SUBJECT ADDED ENTRY--TOPICAL TERM
Location of event Epic poetry, Greeds-Criticism, Textual
700 ## - ADDED ENTRY--PERSONAL NAME
Personal name Sodipo, J. Olubi
942 ## - ADDED ENTRY ELEMENTS (KOHA)
Source of classification or shelving scheme Library of Congress Classification
Koha issues (borrowed), all copies 6
Holdings
Withdrawn status Lost status Source of classification or shelving scheme Damaged status Not for loan Collection code Home library Current library Shelving location Date acquired Total Checkouts Full call number Barcode Date last seen Date checked out Copy number Price effective from Koha item type
    Library of Congress Classification     Main Collection ARRUPE LIBRARY ARRUPE LIBRARY   05/03/2013 15 B5619.N6H35 1997 46003091292 24/02/2026 22/01/2026 1 05/03/2013 Monograph ( Printed materials)

 

Arrupe Library. PO Box MP320 Mt Pleasant, Harare, Zimbabwe
263 242 745411|librarian@aju.ac.zw